000 00489cam a2200169 a 4500
020 _a9780872074798
040 _cDLC
082 0 0 _a372 INT 2012 A114 Or.
100 1 _aRoutman, Regie.
245 1 0 _aLiteracy and learning lessons from a longtime teacher /
260 _aNewark, Del. :
_bInternational Reading Association,
_cc2012.
300 _aix, 174 p. ;
_c23 cm.
650 0 _aLanguage arts.
650 0 _aEffective teaching.
650 0 _aMotivation in education.
942 _cAEDBB
999 _c17455
_d17455